[Event "Bled op Seniors 25th"]
[Site "Bled"]
[Date "2008.02.27"]
[Round "6"]
[White "Medved, Alfonz"]
[Black "Saradjen, Janko"]
[Result "0-1"]
[WhiteElo "2023"]
[BlackElo "2146"]
[PlyCount "100"]
[EventDate "2008.02.23"]
[EventType "swiss"]
[EventRounds "9"]
[EventCountry "SLO"]
[SourceTitle "CBM 122 Extra"]
[Source "ChessBase"]
[SourceDate "2008.03.04"]
[SourceVersion "1"]
[SourceVersionDate "2008.03.04"]
[SourceQuality "1"]

1. d4 Nf6 2. c4 e6 3. Nf3 b6 4. g3 Ba6 5. Nbd2 Bb4 6. Qa4 Qe7 7. a3 Bxd2+ 8. Bxd2 0-0 9. Bg2 Bb7 10. 0-0 d6 11. Rfe1 Nbd7 12. b4 a6 13. Qb3 Rab8 14. Rad1 c5 15. Bc3 d5 16. cxd5 Bxd5 17. Qb2 Ne4 18. Rc1 c4 19. b5 Nxc3 20. Rxc3 axb5 21. Qxb5 Rfc8 22. Nd2 Nf6 23. Rec1 Qb7 24. f3 Bc6 25. Qxc4 Nd5 26. Qb3 Nxc3 27. Rxc3 Bd5 28. Qb4 Rxc3 29. Qxc3 b5 30. Qb4 Qc7 31. Kf2 h6 32. Bf1 Bc6 33. e3 e5 34. Nb3 Bd5 35. Nc5 exd4 36. Qxd4 Rc8 37. Qxd5 Qxc5 38. Qxc5 Rxc5 39. e4 Kf8 40. Bd3 Ke7 41. Ke2 Kd6 42. f4 f6 43. Kd2 g5 44. h3 gxf4 45. gxf4 Kc6 46. Be2 Kb6 47. Bd3 Rc8 48. Bc2 Ra8 49. e5 fxe5 50. fxe5 Re8 0-1

[Event "Bled op Seniors 25th"]
[Site "Bled"]
[Date "2008.02.24"]
[Round "3"]
[White "Regatschnig, Horst"]
[Black "Medved, Alfonz"]
[Result "1/2-1/2"]
[WhiteElo "1874"]
[BlackElo "2023"]
[PlyCount "72"]
[EventDate "2008.02.23"]
[EventType "swiss"]
[EventRounds "9"]
[EventCountry "SLO"]
[SourceTitle "CBM 122 Extra"]
[Source "ChessBase"]
[SourceDate "2008.03.04"]
[SourceVersion "1"]
[SourceVersionDate "2008.03.04"]
[SourceQuality "1"]

1. d4 d5 2. Nf3 Nf6 3. e3 e6 4. Bd3 c5 5. b3 Nc6 6. a3 cxd4 7. exd4 h6 8. Bb2 Bd6 9. Nbd2 Bd7 10. Ne5 Qc7 11. Qe2 0-0 12. Ndf3 Be8 13. Rc1 Bxe5 14. Nxe5 Nxe5 15. dxe5 Nd7 16. 0-0 Nc5 17. b4 Na4 18. Ba1 Nc3 19. Bxc3 Qxc3 20. Ra1 Ba4 21. Rfc1 Rac8 22. f4 Qd4+ 23. Qf2 Qxf2+ 24. Kxf2 Rc3 25. Ke2 Rfc8 26. Kd2 g6 27. g4 a6 28. h4 Bb5 29. a4 Bxd3 30. cxd3 Rxc1 31. Rxc1 Rxc1 32. Kxc1 Kf8 33. Kc2 Ke7 34. Kc3 Kd7 35. d4 b5 36. axb5 axb5 1/2-1/2

[Event "Kranj op 2nd"]
[Site "Kranj"]
[Date "2005.07.05"]
[Round "9"]
[White "Medved, Alfonz"]
[Black "Snoj, Luka"]
[Result "1/2-1/2"]
[WhiteElo "2076"]
[BlackElo "1566"]
[PlyCount "92"]
[EventDate "2005.06.??"]
[EventType "swiss"]
[EventRounds "9"]
[EventCountry "SLO"]
[SourceTitle "EXT 2006"]
[Source "ChessBase"]
[SourceDate "2005.11.24"]
[SourceVersion "1"]
[SourceVersionDate "2005.11.24"]
[SourceQuality "1"]

1. d4 Nf6 2. g3 c6 3. Bg2 d5 4. Nf3 Bf5 5. 0-0 Nbd7 6. Nbd2 e6 7. c4 Bd6 8. Re1 Bb4 9. Qb3 Bxd2 10. Nxd2 Qb6 11. Qc3 0-0 12. b3 Rfe8 13. Bb2 Rad8 14. Rac1 Qc7 15. e4 dxe4 16. Nxe4 Bxe4 17. Bxe4 Nxe4 18. Rxe4 Nf6 19. Rf4 c5 20. dxc5 Qxc5 21. Rxf6 gxf6 22. Qxf6 e5 23. Re1 Qe7 24. Qf5 f6 25. Re4 Qe6 26. Qh5 Qd7 27. Qh6 Qf5 28. Qe3 Rd7 29. Kg2 Rg7 30. f4 Rd8 31. Qe2 Rd2 32. Qxd2 Qxe4+ 33. Kg1 Rf7 34. fxe5 fxe5 35. Qg5+ Rg7 36. Qd8+ Kf7 37. Qd7+ Kf6 38. Qd6+ Kf5 39. Qd2 Rf7 40. c5 Qb1+ 41. Kg2 Qe4+ 42. Kg1 Qb1+ 43. Bc1 Qe4 44. Bb2 Qb1+ 45. Bc1 Qe4 46. Bb2 Qb1+ 1/2-1/2

[Event "Kranj op 2nd"]
[Site "Kranj"]
[Date "2005.06.29"]
[Round "2"]
[White "Medved, Alfonz"]
[Black "Zorko, Jure"]
[Result "0-1"]
[WhiteElo "2076"]
[BlackElo "2329"]
[PlyCount "108"]
[EventDate "2005.06.??"]
[EventType "swiss"]
[EventRounds "9"]
[EventCountry "SLO"]
[SourceTitle "EXT 2006"]
[Source "ChessBase"]
[SourceDate "2005.11.24"]
[SourceVersion "1"]
[SourceVersionDate "2005.11.24"]
[SourceQuality "1"]

1. d4 Nf6 2. Nf3 e6 3. g3 Be7 4. Bg2 0-0 5. c4 d5 6. Nbd2 b6 7. cxd5 exd5 8. Ne5 Bb7 9. 0-0 Nbd7 10. Nd3 Re8 11. b3 a5 12. a4 Rc8 13. Bb2 Ba6 14. Rc1 Bd6 15. Rc6 Qe7 16. Bf3 Nb8 17. Rc2 Bxd3 18. exd3 Na6 19. Nb1 Qd7 20. Re1 Rxe1+ 21. Qxe1 Nb4 22. Rd2 Qf5 23. Qd1 h5 24. h4 g5 25. hxg5 Qxg5 26. Kf1 h4 27. gxh4 Qxh4 28. Nc3 Bf4 29. Re2 Qh3+ 30. Bg2 Qf5 31. Bc1 Kf8 32. Be3 Ng4 33. Bxf4 Qxf4 34. Nxd5 Nxd5 35. Bxd5 Rd8 36. Bg2 Rxd4 37. Qd2 Qxd2 38. Rxd2 c5 39. Ke2 Ke7 40. Bb7 Kd6 41. Ba6 Rf4 42. f3 Ne5 43. Bb7 Rb4 44. Rb2 Rh4 45. Ke3 Rd4 46. Ba6 Rh4 47. Bc4 f6 48. Re2 Rh3 49. Rf2 Ng4+ 50. Ke2 Nxf2 51. Kxf2 Ke5 52. Kg2 Rh7 53. Bb5 Kf4 54. Bc6 f5 0-1

[Event "Kranj op 1st"]
[Site "Kranj"]
[Date "2004.05.09"]
[Round "3"]
[White "Jeric, Simon"]
[Black "Medved, Alfonz"]
[Result "1-0"]
[WhiteElo "2305"]
[BlackElo "2047"]
[PlyCount "133"]
[EventDate "2004.05.07"]
[EventType "swiss"]
[EventRounds "9"]
[EventCountry "SLO"]
[SourceTitle "CBM 100 Extra"]
[Source "ChessBase"]
[SourceDate "2004.07.06"]
[SourceVersion "2"]
[SourceVersionDate "2004.07.06"]
[SourceQuality "1"]

1. e4 c6 2. d4 d5 3. e5 Bf5 4. Nc3 e6 5. g4 Bg6 6. Nce2 c5 7. h4 h6 8. Nf4 Bh7 9. c3 cxd4 10. cxd4 Nc6 11. Bd3 Bxd3 12. Qxd3 Nb4 13. Qb5+ Qd7 14. Qxd7+ Kxd7 15. Kd1 Rc8 16. Nge2 Be7 17. a3 Nc2 18. Rb1 Rc4 19. Be3 g5 20. hxg5 Bxg5 21. Ng2 Nxe3+ 22. Nxe3 Bxe3 23. fxe3 f6 24. Nf4 Rh7 25. Nd3 Ke7 26. Kd2 Rg7 27. Rbg1 Rc8 28. exf6+ Kxf6 29. Ne5 Ke7 30. Rf1 Rf8 31. Rc1 Kd6 32. Ke2 Rc7 33. Rxc7 Kxc7 34. g5 hxg5 35. Rh7+ Kc8 36. Nf7 Kd7 37. Nxg5+ Kc6 38. Nxe6 Re8 39. Nf4 Re7 40. Rh5 Rd7 41. Kd3 b6 42. Ng6 Rg7 43. Nf4 Rd7 44. Rh8 Ne7 45. Rh6+ Rd6 46. Rh7 Rd7 47. Rf7 Kd6 48. Rf6+ Kc7 49. Ne6+ Kc8 50. Rf7 Nc6 51. Rf5 Ne7 52. Rh5 Nc6 53. b4 a6 54. Nf4 Ne7 55. Ke2 Kc7 56. Rh6 Nf5 57. Rf6 Ng3+ 58. Kd3 Rd6 59. Rf8 Kc6 60. a4 Rd7 61. Rf6+ Rd6 62. b5+ axb5 63. axb5+ Kc7 64. Rf7+ Kc8 65. Re7 Ne4 66. Nxd5 Nf2+ 67. Kc4 1-0

[Event "Ljubljana op 14th"]
[Site "Ljubljana"]
[Date "2003.06.21"]
[Round "1"]
[White "Loncar, Robert"]
[Black "Medved, Alfonz"]
[Result "1-0"]
[WhiteElo "2417"]
[BlackElo "1936"]
[PlyCount "103"]
[EventDate "2003.06.21"]
[EventType "swiss"]
[EventRounds "9"]
[EventCountry "SLO"]
[SourceTitle "EXT 2004"]
[Source "ChessBase"]
[SourceDate "2003.11.25"]
[SourceVersion "1"]
[SourceVersionDate "2003.11.25"]
[SourceQuality "1"]

1. e4 e6 2. d4 d5 3. Nd2 Nf6 4. e5 Nfd7 5. c3 c5 6. Bd3 Nc6 7. Ne2 cxd4 8. cxd4 f6 9. exf6 Nxf6 10. 0-0 Bd6 11. Nf3 0-0 12. Bf4 Qc7 13. Bxd6 Qxd6 14. Qd2 e5 15. dxe5 Nxe5 16. Nxe5 Qxe5 17. Ng3 Be6 18. Rfe1 Qd6 19. Re2 Rae8 20. Bb5 Bd7 21. Bxd7 Rxe2 22. Nxe2 Qxd7 23. f3 Qa4 24. Nd4 Re8 25. b3 Qa6 26. Rc1 Qb6 27. Qf2 g6 28. g3 Kf7 29. Kg2 h6 30. Qd2 a6 31. Qf4 Re7 32. h4 Qa5 33. Rc2 Kg7 34. Qd6 Qe1 35. Rc7 Kf7 36. Qf4 Rxc7 37. Qxc7+ Qe7 38. Qf4 Qa3 39. Kh3 Qe7 40. g4 Qe1 41. Kg2 Ke7 42. Qxh6 Qe5 43. Qd2 Kd7 44. Qb4 Kc7 45. Qc5+ Kd7 46. Qb6 Kc8 47. Qe6+ Qxe6 48. Nxe6 Nd7 49. Kf2 b5 50. Ke3 Kb7 51. Kd4 Kc6 52. Nf4 1-0